[Event "Rheinland Pfalz op 11th"]
[Site "Weilerbach"]
[Date "2019.06.20"]
[Round "2"]
[White "Haase, Holger"]
[Black "Tscharotschkin, Michael"]
[Result "0-1"]
[WhiteElo "1948"]
[BlackElo "2197"]
[PlyCount "78"]
[EventDate "2019.06.20"]
[EventType "swiss"]
[EventRounds "7"]
[EventCountry "GER"]
[SourceTitle "CBM 191 Extra"]
[Source "ChessBase"]
[SourceDate "2019.09.30"]
[SourceVersion "1"]
[SourceVersionDate "2019.09.30"]
[SourceQuality "1"]

1. e4 e6 2. d4 d5 3. Nc3 Bb4 4. e5 c5 5. a3 Bxc3+ 6. bxc3 Ne7 7. Qg4 Qc7 8. Qxg7 Rg8 9. Qxh7 cxd4 10. Ne2 Nbc6 11. cxd4 Nxd4 12. Ra2 Nxe2 13. Bxe2 Rxg2 14. Kf1 Rg8 15. Rg1 Rxg1+ 16. Kxg1 Qxe5 17. Kf1 Bd7 18. Bf4 Qf6 19. Bc7 Bc6 20. f4 Kd7 21. Be5 Qg6 22. Bd3 Qg4 23. Be2 Qg8 24. Qh3 Ng6 25. c4 Nxe5 26. cxd5 Bxd5 27. Rd2 Kc7 28. fxe5 Rd8 29. Rc2+ Kb8 30. Bf3 Qg6 31. Qh4 Rg8 32. Rg2 Qb1+ 33. Kf2 Qc2+ 34. Kf1 Qc1+ 35. Kf2 Qc2+ 36. Kf1 Bc4+ 37. Ke1 Qc3+ 38. Kf2 Qd2+ 39. Kg1 Qe3+ 0-1